मसि कागद (Record no. 31207)

MARC details
000 -LEADER
fixed length control field 00300nam a22001217a 4500
003 - CONTROL NUMBER IDENTIFIER
control field SGT
082 ## - DEWEY DECIMAL CLASSIFICATION NUMBER
Classification number 891.4309
Item number M90J
100 ## - MAIN ENTRY--PERSONAL NAME
Personal name जोशी, प्रभाष
245 ## - TITLE STATEMENT
Title मसि कागद
260 ## - PUBLICATION, DISTRIBUTION, ETC. (IMPRINT)
Name of publisher, distributor, etc प्रभात प्रकाशन
Year of Publication 1990
300 ## - PAGE DESCRIPTION
No. of Pages 270
942 ## - ADDED ENTRY ELEMENTS (KOHA)
Source of classification or shelving scheme Dewey Decimal Classification
Koha item type Books
Holdings
Withdrawn status Lost status Source of classification or shelving scheme Damaged status Not for loan Home library Current library Date acquired SGTU Total Checkouts Full call number Accession No. (Barcode) Date last seen Bill Date Koha item type
    Dewey Decimal Classification     SGT Chancellor's Library SGT Chancellor's Library 22/05/2025 SGTU   891.4309 M90J CH3311 22/05/2025 22/05/2025 Books
    Dewey Decimal Classification     SGT Chancellor's Library SGT Chancellor's Library 22/05/2025 SGTU   891.4309 M90J CH3313 22/05/2025 22/05/2025 Books